000 00858cam a2200241 a 4500
020 _a0309047803
040 _cDLC
082 _a330 NAT 1992 A016 Or.
245 0 0 _aJapan's growing technological capability :
_bimplications for the U.S. economy /
260 _aWashington, D.C. :
_bNational Academy Press,
_c1992.
300 _aviii, 235 p. :
_bill. ;
_c23 cm.
500 _a"Committee on Japan, Office of Japan Affairs [and] Office of International Affairs, National Research Council."
650 0 _aTechnological innovations
650 0 _aTechnological innovations
650 0 _aHigh technology industries
650 0 _aHigh technology industries
650 0 _aCompetition
650 0 _aCompetition
700 1 _aArrison, Thomas S.
710 2 _aNational Research Council (U.S.).
710 2 _aNational Research Council (U.S.).
942 _cEK
999 _c12154
_d12154